| 000 | 01910nam a2200241Ia 4500 | ||
|---|---|---|---|
| 008 | 260220t1967||||xx |||||||||||||| ||spa|| | ||
| 040 |
_aPY-SlUNAC _bspa _erda |
||
| 041 | _aspa | ||
| 082 |
_a658.57 _bH173d |
||
| 100 |
_aHambidge, Gove _eAutor |
||
| 245 | 0 |
_aDinámica del desarrollo : _bmanual de desenvolvimiento internacional / _cpor Gove Hambidge [Autor] |
|
| 264 |
_aCali : _bNorma, _c℗1967. |
||
| 300 | _a1 volumen | ||
| 520 | _aEn "Dinámica del desarrollo: manual de desenvolvimiento internacional", Gove Hambidge explora las complejidades del desarrollo socioeconómico en el contexto global, ofreciendo un enfoque integral que abarca tanto teorías como prácticas. El autor analiza los factores que influyen en el progreso de las naciones, destacando la interacción entre aspectos culturales, políticos y económicos. Hambidge propone un marco conceptual que permite entender las dinámicas del desarrollo, haciendo hincapié en la importancia de la planificación y la implementación de políticas efectivas. A través de estudios de caso y ejemplos concretos, el libro ilustra cómo las estrategias de desarrollo pueden ser adaptadas a diferentes contextos. Además, se discuten los desafíos contemporáneos que enfrentan los países en vías de desarrollo, así como la necesidad de cooperación internacional. En última instancia, la obra busca proporcionar herramientas teóricas y prácticas que permitan a los profesionales y académicos abordar las problemáticas del desarrollo con una perspectiva crítica y constructiva, fomentando un entendimiento más profundo de la dinámica global. | ||
| 653 | _aCooperación internacional | ||
| 653 | _aDesarrollo económico | ||
| 653 | _aPolítica de desarrollo | ||
| 942 |
_b2026/02/17 _cBK |
||
| 999 |
_c8801 _d8801 |
||